| 000 | 00443nam a2200181Ia 4500 | ||
|---|---|---|---|
| 005 | 20231117122807.0 | ||
| 008 | 131103s9999 xx 000 0 und d | ||
| 040 | _aLoreto College | ||
| 041 | _aEnglish | ||
| 082 |
_aF _bTHO |
||
| 100 | _aThomas,Craig | ||
| 245 |
_aEmerald Decision _cCraig Thomas |
||
| 260 |
_aGreat Britian _bFontana Books _c1980 |
||
| 300 | _a413 p. | ||
| 650 | _aFiction in English | ||
| 850 | _aLCLIB | ||
| 942 | _cBK | ||
| 999 |
_c14138 _d64617 |
||